Sacrarum rituum congregationis. Decreta authentica quae ab anno 1588 ad annum 1848 prodierunt, alphabetico ordine collecta.

Detalles Bibliográficos
Formato: Libro
Lenguaje:Undetermined
Latin
Publicado: Leodii : excudebat J.G. Lardionois, typographus, 1851.
Edición:Editio altera emendata
Materias:
Colección:Banco de datos
Acervo:Biblioteca Palafoxiana. Colección bibliográfica
Descripción Física:VI, 308 p. ; 4°
Tema general:Derecho eclesiástico
Notas:Número de localización: 1633, 1708
LEADER 00636nam a2200169Ia 4500
008 150723s9999 xx 000 0 und d
041 0 |a lat 
050 0 |a PAFX BR115 .L28 S3 1851 
245 1 0 |a Sacrarum rituum congregationis. Decreta authentica quae ab anno 1588 ad annum 1848 prodierunt, alphabetico ordine collecta. 
250 |a Editio altera emendata 
260 |a Leodii : excudebat J.G. Lardionois, typographus, 1851. 
300 |a VI, 308 p. ; 4° 
500 |a Número de localización: 1633, 1708 
650 1 0 |a Derecho eclesiástico 
942 |c PALALIB 
943 |g Biblioteca Palafoxiana. Colección bibliográfica 
999 |c 1049614  |d 1049614